Η ειδική συμπεριληπτική εκπαίδευση 2027 : η ελκυστική εκδίπλωσή της στο νέο ψηφιακό σχολείο με ψηφιακούς πρωταθλητές
Αποθηκεύτηκε σε:
| Κύριος συγγραφέας: | |
|---|---|
| Μορφή: | Βιβλίο |
| Γλώσσα: | Greek |
| Δημοσίευση: |
Αθήνα :
Παπαζήσης,
2020.
|
| Έκδοση: | 3η έκδοση αναθεωρημένη. |
| Θέματα: | |
| Ετικέτες: |
Προσθήκη ετικέτας
Δεν υπάρχουν, Καταχωρήστε ετικέτα πρώτοι!
|
MARC
| LEADER | 00000cam a2200000 a 4500 | ||
|---|---|---|---|
| 001 | 1/122600 | ||
| 008 | 210201s2020####gr | ||| |||| ||gre|| | ||
| 020 | |a 9789600235937 | ||
| 040 | |a GR-MyUa |b gre |c GR-MyUa |e AACR2 | ||
| 041 | 0 | |a gre | |
| 082 | 7 | |a 371.9 |2 (23) | |
| 100 | 1 | |a Στασινός, Δημήτρης Π. | |
| 245 | 1 | 2 | |a Η ειδική συμπεριληπτική εκπαίδευση 2027 : |b η ελκυστική εκδίπλωσή της στο νέο ψηφιακό σχολείο με ψηφιακούς πρωταθλητές / |c Δημήτρης Π. Στασινός. |
| 250 | |a 3η έκδοση αναθεωρημένη. | ||
| 260 | |a Αθήνα : |b Παπαζήσης, |c 2020. | ||
| 300 | |a 588 σ. ; |c 24 εκ. | ||
| 504 | |a Περιλαμβάνει βιβλιογραφικές παραπομπές, παραρτήματα και ευρετήρια όρων και ονομάτων. | ||
| 650 | 0 | |a Children with disabilities |x Education. | |
| 650 | 0 | |a Special education | |
| 650 | 0 | |a Internet in education | |
| 650 | 0 | |a Educational technology | |
| 650 | 0 | |a Children with mental disabilities | |
| 852 | |a INST |b RHODES |c EUDOXUS |e 20210201 |h 371.9 ΣΤΑ |p 005400041905 |q 005400041905 |t EDX |y 0 | ||
| 852 | |a INST |b RHODES |c EUDOXUS |e 20210201 |h 371.9 ΣΤΑ |p 005400041906 |q 005400041906 |t EDX |y 0 | ||
| 920 | |a Εύδοξος |b Παραγγελία |y Ρόδος-ΠΤΔΕ |z 2021-01 | ||
| 970 | |z 01-02-2021 | ||